000 nam a22 7a 4500
999 _c28844
_d28844
008 170327b xxu||||| |||| 00| 0 eng d
020 _a9780390681751
050 _aHD 30.28 .S77 2010
100 _aStrategic Management- Cases
245 _aBUS 599:
_bStrategic Management- Cases/
_cStrategic Management- Cases.
260 _aU.S.A:
_bMc Graw-Hill,
_c2010.
300 _aiv,67p.:
_bill.;
_c27cm.
521 _aIncludesindex.
942 _2lcc
_cBOOKS
_hHD 30.28 .S77 2010